| 000 | 00908nas a2200301 4500 | ||
|---|---|---|---|
| 001 | BR0604625 | ||
| 003 | BR-BrBNA | ||
| 005 | 20231205110434.0 | ||
| 007 | ta | ||
| 008 | 230509b bl.|||p| |||| 00| 00por d | ||
| 040 |
_aBR-BrBNA _bpor _cBiblioteca Nacional de Agricultura |
||
| 041 | _a(Pt) | ||
| 072 | _aF62; F08 | ||
| 100 | 1 | _aFarias, M.F. da | |
| 100 | 1 | _aSaad, J.C.C. | |
| 245 | 1 | _aCrescimento e qualidade de crisântemo cultivado em vaso sob ambiente protegido | |
| 650 | _aCRISÂNTEMO | ||
| 650 | _aCRHYSANTEMUM MORIFOLIUM | ||
| 650 | _aCULTIVO PROTEGIDO | ||
| 650 | _aPOTENCIAL HÍDRICO | ||
| 650 | _aRECIPIENTE DE PLANTA | ||
| 650 | _aCRESCIMENTO | ||
| 650 | _aQUALIDADE | ||
| 650 | _aIRRIGAÇÃO | ||
| 773 | 0 |
_tHorticultura Brasileira (Brazil) _xISSN 0102-0536 _g(Jul-Sep 2005), v. 23(3) p. 740-742 _wBR0604625 |
|
| 909 |
_a202311 _bLúcia _c55 _dLúcia Elande |
||
| 942 |
_2AGRIS _n0 _cANA |
||
| 999 |
_c187394 _d187394 |
||